The chocolate war / Robert Cormier.
Available copies
- 5 of 5 copies available at LARL/NWRL Consortium. (Show)
- 3 of 3 copies available at Lake Agassiz Regional Library.
Current holds
0 current holds with 5 total copies.
Show Only Available Copies
| Location | Call Number / Copy Notes | Barcode | Shelving Location | Status | Due Date |
|---|---|---|---|---|---|
| Crookston Public Library | Y Cor (Text) | 33500008053621 | Main | Available | - |
| Detroit Lakes Public Library | Y Cor (Text) | 33500008053563 | Main | Available | - |
| Moorhead Public Library | Y Cor (Text) | 33500008053803 | Main | Available | - |
Record details
- ISBN: 0375829873 (pbk.)
- ISBN: 0394828054
- ISBN: 0440944597
- ISBN: 060620038X (bt bound)
- Physical Description: 253 p., 14 p.
- Edition: 30th Anniversary ed.
- Publisher: New York : Knopf : 2004, c1974.
Content descriptions
| General Note: | Originally published: New York : Pantheon Books, c1974. |
| Summary, etc.: | A high school freshman discovers the devastating ... Read More |
Search for related items by subject
| Subject: | High schools > Fiction. Schools > Fiction. |
| Genre: | Bildungsromans. |
| LDR | 01198nam a2200277I 4500 | ||
|---|---|---|---|
| 001 | 54504 | ||
| 003 | LARL_NWRL_CONSORTIUM | ||
| 005 | 20180828210047.0 | ||
| 008 | 040915r20041974nyu j 000 1 eng d | ||
| 020 | . | ‡a0375829873 (pbk.) | |
| 020 | . | ‡a0394828054 | |
| 020 | . | ‡a0440944597 | |
| 020 | . | ‡a060620038X (bt bound) | |
| 035 | . | ‡a(OCoLC)56511882 | |
| 040 | . | ‡aHT# ‡cHT# ‡dGBX | |
| 082 | 0 | 4. | ‡a[Fic] ‡222 |
| 099 | . | ‡aCormier | |
| 100 | 1 | . | ‡aCormier, Robert. ‡0(LARL_NWRL_CONSORTIUM)63479 |
| 245 | 1 | 4. | ‡aThe chocolate war / ‡cRobert Cormier. |
| 250 | . | ‡a30th Anniversary ed. | |
| 260 | . | ‡aNew York : ‡bKnopf : ‡bDistributed by Random House, ‡c2004, c1974. | |
| 300 | . | ‡a253 p., 14 p. | |
| 500 | . | ‡aOriginally published: New York : Pantheon Books, c1974. | |
| 520 | . | ‡aA high school freshman discovers the devastating consequences of refusing to join in the school's annual fund raising drive and arousing the wrath of the school bullies. | |
| 650 | 1. | ‡aHigh schools ‡vFiction. ‡0(LARL_NWRL_CONSORTIUM)169592 | |
| 650 | 1. | ‡aSchools ‡vFiction. ‡0(LARL_NWRL_CONSORTIUM)167222 | |
| 655 | 7. | ‡aBildungsromans. ‡2gsafd | |
| 901 | . | ‡a54504 ‡bISxN ‡c54504 ‡tbiblio | |

Add to basket
Permalink
Disable Highlighting